| 000 | 00393nam a2200157Ia 4500 | ||
|---|---|---|---|
| 008 | 210210b1987 xxu||||| |||| 00| 0 eng d | ||
| 082 | _a574 DASO | ||
| 100 | _aDAS (K S) & MOOKERJI (J B). | ||
| 245 | _aOutlines of biology. Ed 9. | ||
| 250 | _a | ||
| 260 |
_aCalcutta _bNew Central Book Agency _c1987 |
||
| 300 | _axxxi,692,xxvi | ||
| 650 | _aBiology | ||
| 690 | _aBiology | ||
| 906 | _a042761 | ||
| 999 |
_c92727 _d92727 |
||